Usos de la historia y políticas de la memoria
Gespeichert in:
| Hauptverfasser: | , , , |
|---|---|
| Weitere Verfasser: | |
| Format: | Buch |
| Sprache: | Spanisch |
| Veröffentlicht: |
Zaragoza, España
Prensas Universidad de Zaragoza
2004
|
| Schriftenreihe: | Ciencias Sociales,
52 |
| Schlagworte: | |
| Tags: |
Tag hinzufügen
Keine Tags, Fügen Sie den ersten Tag hinzu!
|
MARC
| LEADER | 00000nam a2200000 a 4500 | ||
|---|---|---|---|
| 001 | UCJ0023 | ||
| 003 | CL-VaPUC | ||
| 005 | 20230317160127.0 | ||
| 008 | 060623e20040000SP |||||||||||||||||spa|d | ||
| 999 | |c 317014 |d 317012 | ||
| 020 | |a 8477336989 | ||
| 040 | |c Pontificia Universidad Católica de Valparaíso | ||
| 082 | 0 | 4 | |a 909.82 FOR 2004 |2 21 |
| 100 | 0 | |a Forcadell, Carlos |e author |9 500045 | |
| 245 | 1 | 0 | |a Usos de la historia y políticas de la memoria |
| 260 | |a Zaragoza, España |b Prensas Universidad de Zaragoza |c 2004 | ||
| 300 | |a 525 páginas | ||
| 490 | 0 | |a Ciencias Sociales, |v 52 | |
| 500 | |a Comunicaciones del IV Congreso de la Asociación de Historia Contemporánea, Universidad de Zaragoza, 2002 | ||
| 583 | |a last modification |c 20130305 12:38:23 |k Rodrigo Vera | ||
| 650 | 0 | |a Historia contemporánea |9 343224 | |
| 650 | 0 | |a Historiografía |9 257871 | |
| 650 | 0 | |a Investigación histórica |9 344844 | |
| 700 | |a Pasamar, Gonzalo |e autor |9 500046 | ||
| 700 | 0 | |a Peoró, Ignacio |e author |9 500047 | |
| 700 | 0 | |a Sabio, Alberto |e author |9 500048 | |
| 700 | 0 | |a Valls, Rafael |e author |9 500049 | |
| 942 | |c BK |2 ddc | ||
| 945 | |d 20060623 00:00:00 |a jtorresc | ||
| 952 | |0 0 |1 0 |2 ddc |4 0 |6 909_820000000000000_FOR_2004 |7 0 |8 A |9 392679 |a BIBHIS |b BIBHIS |d 2019-11-22 |i 4237730 |o 909.82 FOR 2004 |p 4237730 |r 2025-01-20 |t 1 |w 2019-11-22 |y BK |k HIS | ||
| 952 | |0 0 |1 0 |2 ddc |4 0 |6 909_820000000000000_FOR_2004 |7 0 |8 A |9 392680 |a BIBHIS |b BIBHIS |d 2019-11-22 |i 4606337 |o 909.82 FOR 2004 |p 4606337 |r 2025-01-20 |t 2 |w 2019-11-22 |y BK |k HIS | ||